000
00215nam a2200085Ia 4500
008
120527s9999 xx 000 0 und d
100
_a
Feldman, S.Robert
245
_a
Essential of Understanding psychology
942
_c
BK
999
_c
27429
_d
27429